=LDR 00000nam 2200000 4500 =001 INLIS000000000058594 =005 20211005101214 =035 ##$$a 0010-1021000042 =007 ta =008 211005###########################0#ind## =020 ##$$a 978-623-93489-2-2 =082 ##$$a 028.55 =084 ##$$a 028.55 Bit c =245 1#$$a Cinta rupiah /$c Bitbit Pakarisa =300 ##$$a 32 halaman : $b Ilustrasi ; $c 20 cm =650 #4$$a Bacaan kanak - kanak =264 ##$$a Bekasi :$b Manjada Cipta Mandiri Publisher,$c 2020 =336 ##$$a teks$2 rdacontent =337 ##$$a lain-lain$2 rdamedia =338 ##$$a lain-lain$2 rdacarrier =990 ##$$a 14811481 =990 ##$$a 14811481